[Event "9th Sunway Sitges 2022"]
[Site "Sitges ESP"]
[Date "2022.12.15"]
[Round "4.31"]
[White "Cheng, Bobby"]
[Black "Dixit, Nikhil"]
[Result "1-0"]
[WhiteTitle "GM"]
[BlackTitle "FM"]
[WhiteElo "2583"]
[BlackElo "2306"]
[WhiteFideId "4300033"]
[BlackFideId "5059534"]
[EventDate "2022.12.12"]

1. d4 Nf6 2. c4 g6 3. Nc3 Bg7 4. e4 d6 5. h3 O-O 6. Be3 Na6 7. g4 e5 8. d5 Nc5
9. f3 a5 10. Qd2 Ne8 11. h4 f5 12. gxf5 gxf5 13. O-O-O f4 14. Bf2 Qe7 15. Bh3
Bf6 16. Kc2 Kh8 17. h5 h6 18. Bxc8 Rxc8 19. Nh3 Rg8 20. Rdg1 Rxg1 21. Rxg1 Nd7
22. Be1 Qf7 23. Qg2 Bg7 24. Nf2 Nef6 25. Ng4 c6 26. Nxf6 Nxf6 27. Qg6 Qd7 28.
Bh4 Ne8 29. Kb1 Rc7 30. c5 dxc5 31. d6 Rc8 32. Be7 b5 33. Nd1 b4 34. Nf2 Qb7 35.
Ng4 Qb5 36. Nf6 Qd3+ 37. Ka1 1-0

[Event "9th Sunway Sitges 2022"]
[Site "Sitges ESP"]
[Date "2022.12.15"]
[Round "4.32"]
[White "Pourkashiyan, Atousa"]
[Black "Tin, Jingyao"]
[Result "0-1"]
[WhiteTitle "WGM"]
[BlackTitle "GM"]
[WhiteElo "2321"]
[BlackElo "2562"]
[WhiteFideId "12502014"]
[BlackFideId "5804418"]
[EventDate "2022.12.12"]

1. e4 e5 2. Nf3 Nc6 3. Bb5 a6 4. Ba4 Nf6 5. O-O b5 6. Bb3 Bc5 7. a4 Bb7 8. d3
O-O 9. Bg5 h6 10. Bh4 g5 11. Bg3 d6 12. h4 Nh5 13. Kh2 Kg7 14. c3 Qf6 15. axb5
axb5 16. Rxa8 Bxa8 17. Nxg5 hxg5 18. Qxh5 Rh8 19. Qg4 Qg6 20. Kg1 gxh4 21. Qxg6+
Kxg6 22. Bh2 f5 23. exf5+ Kxf5 24. Bd5 Ne7 25. Bxa8 Rxa8 26. Nd2 Ra2 27. Ne4 Bb6
28. Rb1 b4 29. cxb4 Nd5 30. Nc3 Nxc3 31. bxc3 Rxf2 32. Rf1 Rf4+ 33. d4 Rxf1+ 34.
Kxf1 exd4 35. c4 Ke4 36. c5 dxc5 37. bxc5 Ba5 38. Bg1 c6 39. Bf2 Bd8 40. Ke2 Bf6
41. Be1 Kd5 42. Bb4 Kc4 43. Ba3 Kb3 44. Bc1 Kc2 0-1

[Event "9th Sunway Sitges 2022"]
[Site "Sitges ESP"]
[Date "2022.12.15"]
[Round "4.33"]
[White "Gong, Qianyun"]
[Black "Gokerkan, Cem Kaan"]
[Result "0-1"]
[WhiteTitle "WGM"]
[BlackTitle "IM"]
[WhiteElo "2299"]
[BlackElo "2470"]
[WhiteFideId "8602425"]
[BlackFideId "6336760"]
[EventDate "2022.12.12"]

1. e4 c5 2. c3 d5 3. exd5 Qxd5 4. d4 Nf6 5. Nf3 Bg4 6. Be2 e6 7. Na3 Nc6 8. O-O
Be7 9. Nb5 Qd8 10. dxc5 Bxc5 11. Bg5 Qxd1 12. Raxd1 O-O 13. h3 Bh5 14. Bxf6 gxf6
15. Nd6 Rab8 16. Ne4 Be7 17. Ng3 Bg6 18. h4 Rfd8 19. Bb5 Ne5 20. Nd4 h6 21. h5
Bh7 22. Rfe1 a6 23. Bf1 Bc5 24. Ne4 Bxe4 25. Rxe4 Rd7 26. Rde1 Bxd4 27. Rxd4
Rxd4 28. cxd4 Nc6 29. d5 exd5 30. Rc1 Rc8 31. Rc3 Ne7 32. Rf3 Kg7 33. Bd3 Rc1+
34. Kh2 Rd1 35. b4 Nc6 36. b5 axb5 37. Bxb5 Ne5 0-1

[Event "9th Sunway Sitges 2022"]
[Site "Sitges ESP"]
[Date "2022.12.15"]
[Round "4.34"]
[White "Ayats Llobera, Gerard"]
[Black "Ortega Serra, Marc"]
[Result "0-1"]
[WhiteTitle "IM"]
[WhiteElo "2464"]
[BlackElo "2291"]
[WhiteFideId "32067607"]
[BlackFideId "2293137"]
[EventDate "2022.12.12"]

1. e4 e6 2. d4 d5 3. Nc3 Nf6 4. e5 Nfd7 5. f4 c5 6. Nf3 Nc6 7. Be3 Be7 8. Qd2
O-O 9. dxc5 Qa5 10. O-O-O b6 11. Bb5 Nb4 12. a3 bxc5 13. Kb1 Rb8 14. axb4 Qxb4
15. Nxd5 exd5 16. Qxb4 cxb4 17. Bxd7 Bxd7 18. Rxd5 Bc6 19. Ra5 Rfc8 20. Rc1 Be4
21. Nd2 Bxg2 22. Rxa7 Bf8 23. Nf1 h5 24. h4 Rc6 25. Ng3 Rbc8 26. f5 Bh3 27. Bd4
Rc4 28. c3 Bc5 29. Rd7 bxc3 30. bxc3 Bxd4 31. Rxd4 Rxc3 32. Rxc3 Rxc3 33. Nxh5
Bxf5+ 34. Kb2 Rc2+ 35. Kb3 Re2 36. Kc3 Rxe5 37. Kd2 Be6 38. Ng3 g6 39. Re4 Rb5
40. Ke3 Kg7 41. Kf4 Rb2 42. Re2 Rb6 43. Re5 f6 44. Re4 Kh6 45. Rd4 Bh3 46. Ke3
f5 47. Ne2 Rb3+ 48. Kf2 Rb2 49. Ke3 Bg4 50. Nf4 Rh2 51. Rd8 Bh5 52. Rh8+ Kg7 53.
Rb8 Rxh4 54. Rb7+ Kh6 55. Rb8 Rh1 56. Kf2 Kg5 57. Rb4 Ra1 58. Nh3+ Kh6 59. Nf4
Ra3 60. Kg2 Ra6 61. Kg3 g5 62. Nd5 Rd6 63. Ne7 f4+ 64. Kh2 Bg4 65. Rb7 Be6 66.
Rb5 g4 67. Rb4 Kg5 0-1

[Event "9th Sunway Sitges 2022"]
[Site "Sitges ESP"]
[Date "2022.12.15"]
[Round "4.35"]
[White "Fernandez Guillen, Ernesto J."]
[Black "Shailesh, Dravid"]
[Result "0-1"]
[WhiteTitle "IM"]
[BlackTitle "FM"]
[WhiteElo "2462"]
[BlackElo "2286"]
[WhiteFideId "3512428"]
[BlackFideId "25017969"]
[EventDate "2022.12.12"]

1. e4 c5 2. Nf3 e6 3. d4 cxd4 4. Nxd4 Nc6 5. Nc3 Nf6 6. Nxc6 bxc6 7. Bd3 d5 8.
Qe2 Be7 9. O-O O-O 10. Re1 d4 11. Nd1 e5 12. b3 Nd7 13. Nb2 Nc5 14. Nc4 Qc7 15.
Bd2 Bd7 16. a4 Rae8 17. b4 Ne6 18. Reb1 Bg5 19. Bxg5 Nxg5 20. Qh5 f6 21. b5 cxb5
22. axb5 Rb8 23. f4 exf4 24. b6 axb6 25. e5 g6 26. Qh4 b5 27. Nd2 Qxe5 28. Re1
Qd6 29. Qf2 Bc6 30. h4 Nf7 31. Ra6 Ra8 32. Ne4 Qe6 33. Qxf4 f5 34. Rb6 fxe4 35.
Rxe4 Ra1+ 36. Kh2 Qc8 37. Re7 Rh1+ 38. Kg3 Ne5 39. Rxc6 Nxc6 40. Rc7 Qd8 0-1

[Event "9th Sunway Sitges 2022"]
[Site "Sitges ESP"]
[Date "2022.12.15"]
[Round "4.36"]
[White "Rakhmangulova, Anastasiya"]
[Black "Firat, Burak"]
[Result "0-1"]
[WhiteTitle "WIM"]
[BlackTitle "GM"]
[WhiteElo "2296"]
[BlackElo "2460"]
[WhiteFideId "14117479"]
[BlackFideId "6305881"]
[EventDate "2022.12.12"]

1. e4 c5 2. Nf3 Nc6 3. d4 cxd4 4. Nxd4 e6 5. Nc3 Qc7 6. Be3 a6 7. g4 h6 8. Qd2
Nf6 9. f3 Ne5 10. O-O-O Bb4 11. Kb1 Bxc3 12. Qxc3 Qxc3 13. bxc3 d5 14. h3 dxe4
15. f4 Nd5 16. fxe5 Nxe3 17. Re1 Nd5 18. c4 Nc3+ 19. Kb2 Na4+ 20. Ka3 Nc5 21.
Nb3 Nd7 22. Rxe4 b6 23. Re3 Bb7 24. Rh2 Rc8 25. Kb2 Ke7 26. a4 Rc7 27. Rd2 Rhc8
28. h4 Rb8 29. Rd1 a5 30. Nd4 Ba6 31. Nb5 Bxb5 32. cxb5 Nc5 33. Rd4 Rd8 34. Rf4
g5 35. hxg5 hxg5 36. Rc4 Rd2 37. Kc1 Rf2 38. Be2 f6 39. exf6+ Kxf6 40. Rf3+ Rxf3
41. Bxf3 Ke5 42. Be2 Rf7 43. Rc3 Rf2 44. Kd1 Rf4 45. Rh3 Rxa4 46. Rh8 Rd4+ 47.
Kc1 a4 48. Rg8 Kf4 49. Rc8 a3 50. Rc6 Rb4 0-1

[Event "9th Sunway Sitges 2022"]
[Site "Sitges ESP"]
[Date "2022.12.15"]
[Round "4.37"]
[White "Sardana, Rishi"]
[Black "Ram, Aravind L N"]
[Result "1-0"]
[WhiteTitle "IM"]
[BlackTitle "FM"]
[WhiteElo "2460"]
[BlackElo "2272"]
[WhiteFideId "25004301"]
[BlackFideId "25033760"]
[EventDate "2022.12.12"]

1. e4 e6 2. d4 d5 3. e5 c5 4. c3 Ne7 5. Nd2 Nbc6 6. Ndf3 cxd4 7. cxd4 Nf5 8. a3
Qb6 9. Ne2 h5 10. g3 Be7 11. Bh3 Na5 12. O-O Qb3 13. Nc3 Bd7 14. Bxf5 exf5 15.
Qe2 Be6 16. Bg5 Bxg5 17. Nxg5 Nc4 18. Rfc1 O-O-O 19. Qc2 Qxc2 20. Rxc2 Kd7 21.
h4 f4 22. gxf4 f6 23. Nxe6 Kxe6 24. Kg2 Rh6 25. Ne2 Rg6+ 26. Kh3 Kf5 27. Re1
fxe5 28. dxe5 Rb6 29. b4 Ra6 30. Rc3 Nd2 31. b5 Rg6 32. Ng3+ Kxf4 33. Nxh5+ Kf5
34. Ng3+ Ke6 35. f4 Rh6 36. f5+ Kf7 37. Rd1 Rdh8 38. Rc7+ 1-0

[Event "9th Sunway Sitges 2022"]
[Site "Sitges ESP"]
[Date "2022.12.15"]
[Round "4.38"]
[White "Shaik, Sumer Arsh"]
[Black "Erdogmus, Yagiz Kaan"]
[Result "1-0"]
[WhiteTitle "CM"]
[BlackTitle "IM"]
[WhiteElo "2290"]
[BlackElo "2453"]
[WhiteFideId "45020000"]
[BlackFideId "44599790"]
[EventDate "2022.12.12"]

1. c4 e5 2. Nc3 Bb4 3. g3 Nf6 4. Bg2 O-O 5. Nf3 Re8 6. O-O d6 7. Nd5 Nxd5 8.
cxd5 e4 9. Nd4 Bc5 10. Nc2 Bg4 11. b4 Bb6 12. Bb2 Qg5 13. Ne3 Nd7 14. Re1 Qh5
15. Nxg4 Qxg4 16. a3 Qf5 17. Rf1 Ne5 18. Bxe5 Rxe5 19. d3 e3 20. f4 Ree8 21. Rc1
a5 22. b5 a4 23. Rc4 Qf6 24. Qc2 h5 25. Bf3 g6 26. Rb1 h4 27. Kg2 hxg3 28. hxg3
Bc5 29. Rxa4 Rxa4 30. Qxa4 b6 31. Qa7 Qd8 32. Rc1 Qa8 33. Qxc7 Qxa3 34. Rh1 Qa8
35. f5 gxf5 36. d4 Bxd4 37. Qxd6 Qd8 38. Qh6 Bg7 39. Qh7+ Kf8 40. Qxf5 Re5 41.
Qd3 Qd6 42. Rc1 Re8 43. Rc6 Qb4 44. d6 Qd4 45. d7 Rd8 46. Qa3+ Kg8 47. Qd6 Rf8
48. Qxd4 Bxd4 49. Rc4 Bc5 50. Bc6 Be7 51. Re4 Bg5 52. Re5 Bf6 53. Rxe3 Rd8 54.
Re8+ Kg7 55. Kf2 Kh6 56. Kf3 Kg7 57. Kg4 Kg6 58. e4 Bg5 59. e5 Kh6 60. Kf5 Kh5
61. g4+ Kh4 62. Be4 1-0

[Event "9th Sunway Sitges 2022"]
[Site "Sitges ESP"]
[Date "2022.12.15"]
[Round "4.39"]
[White "Goh, Wei Ming Kevin"]
[Black "Jinan, Jomon"]
[Result "0-1"]
[WhiteTitle "GM"]
[WhiteElo "2452"]
[BlackElo "2271"]
[WhiteFideId "5800706"]
[BlackFideId "35002511"]
[EventDate "2022.12.12"]

1. e4 e5 2. Nf3 Nc6 3. Bc4 Bc5 4. O-O Nf6 5. d3 d6 6. c3 a6 7. a4 Ba7 8. Re1 O-O
9. h3 Be6 10. Bxe6 fxe6 11. Be3 Bxe3 12. Rxe3 Qe8 13. Nbd2 Nh5 14. d4 Nf4 15.
Qf1 Qh5 16. Kh2 Ng6 17. g3 Rf7 18. Kg2 Raf8 19. Qd3 exd4 20. cxd4 e5 21. d5 Nb4
22. Qb3 a5 23. Rc1 b6 24. Qc4 Re8 25. Qe2 Nf8 26. Rec3 Rc8 27. Rc4 Re7 28. Rxb4
axb4 29. Qb5 Nd7 30. Rc6 Nb8 31. Rc4 Qe8 32. Qxb4 Na6 33. Qc3 Nc5 34. b3 Ra8 35.
Qc2 Na6 36. Qc3 b5 37. axb5 Qxb5 38. Nh4 Nc5 39. b4 Na4 40. Qe3 Nb6 41. Rc1 Ra2
42. Rb1 Rf7 43. Nhf3 Nc4 44. Qd3 Rxf3 45. Nxf3 Qb6 0-1

[Event "9th Sunway Sitges 2022"]
[Site "Sitges ESP"]
[Date "2022.12.15"]
[Round "4.40"]
[White "Narciso Dublan, Marc"]
[Black "Newrkla, Katharina"]
[Result "1/2-1/2"]
[WhiteTitle "GM"]
[BlackTitle "WIM"]
[WhiteElo "2448"]
[BlackElo "2265"]
[WhiteFideId "2201500"]
[BlackFideId "1621629"]
[EventDate "2022.12.12"]

1. e4 c5 2. f4 d5 3. d3 dxe4 4. dxe4 Qxd1+ 5. Kxd1 Bg4+ 6. Be2 Bxe2+ 7. Kxe2 Nc6
8. Nf3 O-O-O 9. c3 e6 10. Nbd2 Bd6 11. Nc4 Bc7 12. Ng5 Nh6 13. Be3 b6 14. Rhd1
Rhe8 15. e5 f6 16. exf6 gxf6 17. Ne4 Rf8 18. Rxd8+ Nxd8 19. g3 Nf5 20. Bf2 Nb7
21. Rd1 h5 22. a4 e5 23. fxe5 Bxe5 24. a5 Kc7 25. axb6+ axb6 26. b4 Nfd6 27.
Nexd6 Nxd6 28. Nxd6 Bxd6 29. bxc5 bxc5 30. Rd5 Kc6 31. Rxh5 Ra8 32. Rf5 Be5 33.
c4 Ra2+ 34. Kd3 Ra3+ 35. Kd2 Ra2+ 36. Kd3 Ra3+ 37. Kd2 Ra2+ 38. Kd1 Ra1+ 39. Kc2
Ra2+ 40. Kb3 Rb2+ 41. Ka3 Rc2 42. g4 Rc3+ 43. Ka2 Rxc4 44. g5 fxg5 45. Rxe5 Rc2+
46. Kb3 Rxf2 47. Rxg5 Rxh2 1/2-1/2

[Event "9th Sunway Sitges 2022"]
[Site "Sitges ESP"]
[Date "2022.12.15"]
[Round "4.41"]
[White "Mamedov, Edgar"]
[Black "Abdisalimov, Abdimalik"]
[Result "0-1"]
[WhiteTitle "FM"]
[BlackTitle "IM"]
[WhiteElo "2283"]
[BlackElo "2447"]
[WhiteFideId "13739980"]
[BlackFideId "14206323"]
[EventDate "2022.12.12"]

1. d4 d6 2. Nf3 g6 3. c4 Bg7 4. Nc3 Nf6 5. e4 O-O 6. Be2 e5 7. d5 a5 8. Be3 Na6
9. Nd2 Nd7 10. h4 f5 11. f3 f4 12. Bf2 Nf6 13. c5 Nxc5 14. Bxc5 dxc5 15. Qb3 h5
16. Bb5 Kh7 17. O-O-O Qe7 18. Nc4 Rd8 19. a4 Ra7 20. Rd2 Ng8 21. Rhd1 Qf7 22.
Qa3 b6 23. Qb3 Bb7 24. Na3 Bf8 25. Bc4 Bd6 26. Ncb5 Raa8 27. Nxd6 cxd6 28. Qxb6
Qe7 29. Bb5 Nh6 30. Bc4 Nf7 31. Qb3 Rdb8 32. Nb5 Qxh4 33. Qc3 Qe7 34. Rh1 h4 35.
Rdd1 g5 36. b3 Nh6 37. Kb2 Kg7 38. Be2 Bc8 39. Rdf1 Ng8 40. Bd3 Nf6 41. Rc1 Bd7
42. Rc2 Ne8 43. Ra1 Kf6 44. Bc4 Qd8 45. Be2 Qb6 46. Rac1 Rb7 47. Ka2 Nc7 48. Na3
Qb4 49. Qxb4 Rxb4 50. Rc4 Rb7 51. R4c3 Ke7 52. Nc4 Ne8 53. Rh1 Nf6 54. Nd2 Rb4
55. Rc4 Rbb8 56. Rc3 Kd8 57. Ka3 Kc7 58. Ka2 Rh8 59. Ka3 h3 60. gxh3 Bxh3 61.
Rcc1 Bg2 62. Rhg1 Rh2 63. Bf1 Bh1 64. Bb5 Rah8 65. Nc4 Bxf3 66. Nxe5 Bxe4 67.
Rxg5 R8h7 68. Ng4 Nxg4 69. Rxg4 R2h4 70. Rg5 R4h5 71. Rg4 Rh4 72. Rg5 Re7 73.
Bc6 f3 74. Rg8 Rh5 75. Ra8 Bxd5 76. Bxd5 Rxd5 77. Ra7+ Kd8 78. Rxa5 f2 79. Ra8+
Kd7 80. Ra7+ Ke6 81. Rxe7+ Kxe7 82. a5 Kd7 83. Rf1 Rd2 84. b4 c4 85. b5 c3 86.
a6 c2 0-1

[Event "9th Sunway Sitges 2022"]
[Site "Sitges ESP"]
[Date "2022.12.15"]
[Round "4.42"]
[White "Boyer, Mahel"]
[Black "Romero Calduch, Sergio"]
[Result "1/2-1/2"]
[WhiteTitle "IM"]
[WhiteElo "2434"]
[BlackElo "2258"]
[WhiteFideId "45102422"]
[BlackFideId "2246848"]
[EventDate "2022.12.12"]

1. e4 c6 2. Nf3 d5 3. e5 Bg4 4. Be2 e6 5. O-O Ne7 6. d4 Nd7 7. h3 Bh5 8. Nbd2
Bg6 9. Nh4 Nf5 10. Nxg6 hxg6 11. Nf3 Be7 12. c4 dxc4 13. Bxc4 Nb6 14. Bb3 Qd7
15. a4 Nd5 16. Qe2 Nh4 17. Ng5 Nf5 18. Rd1 Bxg5 19. Bxg5 Rh5 20. Qg4 Nde7 21.
Qf4 Nd5 22. Qg4 Nh6 23. Bxh6 Rxh6 24. h4 Rd8 25. g3 Qe7 26. Rd3 Qb4 27. Rad1 Rh5
28. Qe4 Ne7 29. R1d2 Rd7 30. Qf4 Rf5 31. Qe3 Rh5 32. Bd1 Nf5 33. Qf4 Rh8 34. Bg4
Ne7 35. Qg5 Nd5 36. Bd1 Qe7 37. Qg4 Qb4 38. Qe4 Kd8 39. Qf3 Kc8 40. Bb3 Nb6 41.
Kg2 Nxa4 42. Re2 Nb6 43. Re4 Qb5 44. Rc3 Kb8 45. Kg1 Rc8 46. Rg4 a5 47. Rc2 a4
48. Ba2 c5 49. d5 exd5 50. h5 gxh5 51. Rxg7 Rcc7 52. Rg8+ Ka7 53. b3 a3 54. Bb1
Qb4 55. Ra2 Na4 56. Bf5 Nc3 57. Rxa3+ Qxa3 58. Qxc3 Re7 59. Bd3 c4 60. Qd4+ Qc5
61. Qa1+ Kb6 62. bxc4 dxc4 63. Qb2+ Qb5 64. Qd4+ Qc5 65. Qb2+ Qb5 66. Qd4+ Qc5
67. Qb2+ Qb5 68. Qd4+ Qc5 69. Qb2+ 1/2-1/2

[Event "9th Sunway Sitges 2022"]
[Site "Sitges ESP"]
[Date "2022.12.15"]
[Round "4.44"]
[White "Fataliyeva, Ulviyya"]
[Black "Vaibhav, Jayant Raut"]
[Result "1-0"]
[WhiteTitle "IM"]
[BlackTitle "CM"]
[WhiteElo "2428"]
[BlackElo "2247"]
[WhiteFideId "13403052"]
[BlackFideId "5089034"]
[EventDate "2022.12.12"]

1. d4 Nf6 2. Nc3 d5 3. Bf4 a6 4. e3 Bf5 5. Nf3 e6 6. Ne5 Nbd7 7. g4 Bg6 8. h4 h6
9. Nxg6 fxg6 10. Bd3 Kf7 11. Qf3 c5 12. g5 hxg5 13. hxg5 Rxh1+ 14. Qxh1 Nh5 15.
Nxd5 cxd4 16. Bxg6+ Kxg6 17. Qe4+ Kf7 18. g6+ Kg8 19. Qxe6+ Kh8 20. O-O-O Qe8
21. Qf5 Nhf6 22. Rh1+ Kg8 23. Ne7+ Qxe7 24. Qh3 1-0

[Event "9th Sunway Sitges 2022"]
[Site "Sitges ESP"]
[Date "2022.12.15"]
[Round "4.45"]
[White "Baenziger, Fabian"]
[Black "Frederic, Clement"]
[Result "1-0"]
[WhiteTitle "IM"]
[WhiteElo "2426"]
[BlackElo "2245"]
[WhiteFideId "1330110"]
[BlackFideId "637319"]
[EventDate "2022.12.12"]

1. d4 f5 2. Nf3 Nf6 3. g3 g6 4. Bg2 Bg7 5. O-O O-O 6. c4 d6 7. Nc3 Na6 8. Rb1 c6
9. b4 Nc7 10. b5 Be6 11. Qd3 Ne4 12. Ng5 Nxc3 13. Qxc3 h6 14. Nxe6 Nxe6 15. e3
Qd7 16. bxc6 bxc6 17. Qa5 Rfc8 18. Qa6 Nd8 19. Ba3 Rab8 20. h4 Bf6 21. Rfd1 Rb7
22. Rxb7 Qxb7 23. Qa4 Nf7 24. e4 f4 25. gxf4 Bxh4 26. e5 d5 27. Qc2 Kg7 28. Bh3
Rb8 29. cxd5 cxd5 30. Kh2 Qa6 31. Bc5 e6 32. Rg1 Nh8 33. f5 exf5 34. Bxf5 Bg5
35. Bh3 Qc4 36. Qxc4 dxc4 37. Be6 Rb2 38. Bxc4 Rxf2+ 39. Rg2 Rf3 40. Rb2 Bf4+
41. Kg2 Rg3+ 42. Kf2 g5 43. Rb7+ Kg6 44. e6 g4 45. Rb3 1-0

[Event "9th Sunway Sitges 2022"]
[Site "Sitges ESP"]
[Date "2022.12.15"]
[Round "4.46"]
[White "Md Imran"]
[Black "Vitier Vazquez, Cristian"]
[Result "1/2-1/2"]
[WhiteTitle "CM"]
[BlackTitle "FM"]
[WhiteElo "2279"]
[BlackElo "2424"]
[WhiteFideId "25748580"]
[BlackFideId "3513157"]
[EventDate "2022.12.12"]

1. d4 d5 2. Nf3 Nf6 3. Bf4 c5 4. e3 Nc6 5. Nbd2 Qb6 6. dxc5 Qxb2 7. Rb1 Qc3 8.
Bb5 g6 9. O-O Bg7 10. Nb3 O-O 11. Bxc6 bxc6 12. Be5 Qc4 13. Qd4 Qxd4 14. exd4 a5
15. Rfe1 Ne4 16. Bxg7 Kxg7 17. Nbd2 Nxd2 18. Nxd2 Re8 19. Rb6 Ra6 20. c4 Rd8 21.
cxd5 Rxd5 22. Rxa6 Bxa6 23. Nf3 e6 24. g4 Bb5 25. Kg2 Rd8 26. Kg3 Bc4 27. Ne5
Bb5 28. Nf3 a4 29. Re3 Bc4 30. Ra3 Bb5 31. Re3 Bc4 32. Ra3 Bb5 33. Re3 1/2-1/2

[Event "9th Sunway Sitges 2022"]
[Site "Sitges ESP"]
[Date "2022.12.15"]
[Round "4.47"]
[White "Saydaliev, Saidakbar"]
[Black "Lever, Erwan"]
[Result "1-0"]
[WhiteTitle "FM"]
[WhiteElo "2419"]
[BlackElo "2241"]
[WhiteFideId "14203693"]
[BlackFideId "20640099"]
[EventDate "2022.12.12"]

1. Nf3 Nf6 2. c4 e6 3. g3 d5 4. d4 dxc4 5. Bg2 a6 6. O-O Nc6 7. Bg5 Rb8 8. Nbd2
b5 9. Ne5 Nxe5 10. dxe5 h6 11. Bxf6 gxf6 12. Bc6+ Bd7 13. Bxd7+ Qxd7 14. Ne4 Be7
15. exf6 Qc6 16. Qc2 Bd6 17. Rac1 h5 18. h4 Be5 19. b3 Rg8 20. bxc4 Rg4 21. f3
Rg6 22. Kf2 b4 23. c5 a5 24. Rfd1 a4 25. Qd2 b3 26. axb3 axb3 27. Rc4 Bxf6 28.
Rb4 Rxb4 29. Nxf6+ Kf8 30. Nd7+ 1-0

[Event "9th Sunway Sitges 2022"]
[Site "Sitges ESP"]
[Date "2022.12.15"]
[Round "4.49"]
[White "Krastev, Alexander"]
[Black "Arjun, C Krishnamachari"]
[Result "1/2-1/2"]
[WhiteTitle "IM"]
[WhiteElo "2416"]
[BlackElo "2241"]
[WhiteFideId "12989983"]
[BlackFideId "46653252"]
[EventDate "2022.12.12"]

1. c4 Nf6 2. Nc3 d5 3. cxd5 Nxd5 4. g3 g6 5. Bg2 Nb6 6. d4 Bg7 7. Nf3 O-O 8. O-O
Nc6 9. d5 Bxc3 10. dxc6 Bg7 11. Qc2 Qd6 12. Nd4 Bxd4 13. cxb7 Bxb7 14. Bxb7 Rab8
15. Bf3 Rfd8 16. Kg2 Qc5 17. Qxc5 Bxc5 18. Bf4 Nd5 19. Bxd5 Rxd5 20. Rad1 Rxd1
21. Rxd1 Bd6 22. b3 Bxf4 23. gxf4 Kf8 24. Rc1 Rb7 25. Rc6 Ke8 26. Kf3 a5 27. Ra6
Rb5 28. e4 f6 29. h4 Kd7 30. Ra8 Rh5 31. Kg3 e5 32. fxe5 Rxe5 33. f3 f5 34. Kf4
fxe4 35. fxe4 Rh5 36. Kg4 Re5 37. Kf4 Rh5 1/2-1/2

[Event "9th Sunway Sitges 2022"]
[Site "Sitges ESP"]
[Date "2022.12.15"]
[Round "4.50"]
[White "Kostov, Deyan Samuil"]
[Black "Bournel, Antoine"]
[Result "0-1"]
[WhiteTitle "FM"]
[BlackTitle "IM"]
[WhiteElo "2260"]
[BlackElo "2392"]
[WhiteFideId "30909015"]
[BlackFideId "26093553"]
[EventDate "2022.12.12"]

1. d4 Nf6 2. c4 e6 3. Nc3 Bb4 4. e3 O-O 5. Bd3 d5 6. cxd5 exd5 7. Ne2 Re8 8. O-O
Bd6 9. f3 c5 10. Qe1 b6 11. Qf2 Ba6 12. Bb1 Nc6 13. Rd1 Rc8 14. g4 g6 15. h4
cxd4 16. exd4 Bf8 17. Bf4 Bg7 18. Bd3 Bxd3 19. Rxd3 h5 20. g5 Nh7 21. Rad1 Qd7
22. Bh2 f6 23. gxf6 Nxf6 24. Kh1 Ne7 25. Be5 Kh7 26. Rg1 Rf8 27. Qg2 Bh6 28. Ng3
Qe6 29. Rdd1 Qf7 30. Rde1 Rc6 31. Qh3 Nfg8 32. f4 Nf6 33. Rgf1 Ng4 34. Qg2 Rd8
35. f5 Nxf5 36. Nxf5 gxf5 37. Bf4 Rg6 38. Bxh6 Nxh6 39. Qh2 Rg4 40. Rf4 Rdg8 41.
Ref1 Qe6 42. Qd2 Qf6 43. Qh2 Rxf4 44. Rxf4 Qe6 45. Qe2 Qg6 46. Qf2 Ng4 47. Qc2
Ne3 48. Qf2 Ng4 49. Qc2 Re8 50. Ne2 Re3 51. Ng1 Re4 52. Rxe4 fxe4 53. Nh3 Qf6
54. Qc7+ Kh6 55. Qf4+ Kg6 56. Qxf6+ Nxf6 57. Kg2 Kf5 58. Kg3 e3 59. Kf3 e2 60.
Kxe2 Kg4 61. Nf2+ Kg3 62. Nd3 Kxh4 63. Kf3 Kg5 64. Nf4 Kf5 65. a3 b5 66. b4 h4
67. Nh3 Ne4 68. Nf4 Nd2+ 69. Ke3 Nc4+ 70. Kf3 Nd2+ 71. Ke3 Nc4+ 72. Kf3 Nxa3 73.
Nxd5 Nc2 74. Ne7+ Ke6 75. Nc6 a6 76. Kg4 Kd5 77. Na5 Nxb4 78. Kxh4 Nc2 79. Nb3
Nxd4 80. Nd2 a5 81. Kg3 a4 82. Nb1 b4 83. Kf2 a3 84. Nxa3 bxa3 0-1

[Event "9th Sunway Sitges 2022"]
[Site "Sitges ESP"]
[Date "2022.12.15"]
[Round "4.51"]
[White "Dionisi, Thomas"]
[Black "Mannion, Stephen R"]
[Result "1-0"]
[WhiteTitle "IM"]
[BlackTitle "IM"]
[WhiteElo "2390"]
[BlackElo "2233"]
[WhiteFideId "651893"]
[BlackFideId "2400111"]
[EventDate "2022.12.12"]

1. e4 e5 2. Nf3 Nf6 3. d4 Nxe4 4. Bd3 d5 5. Nxe5 Nd7 6. Nc3 Nxc3 7. bxc3 Nxe5 8.
dxe5 Be7 9. O-O O-O 10. Be3 c5 11. f4 c4 12. Bxh7+ Kxh7 13. Qh5+ Kg8 14. f5 Qe8
15. Qf3 Qc6 16. f6 Bxf6 17. exf6 Qxf6 18. Qxf6 gxf6 19. Rxf6 Bd7 20. Raf1 Ba4
21. R1f3 Bxc2 22. Bd4 Bg6 23. h4 Kh7 24. Kf2 b6 25. h5 Be4 26. Rxf7+ Kg8 27.
Rg7+ Kh8 28. Rxa7+ Kg8 29. Rg7+ Kh8 30. Rgf7+ Kg8 31. Rxf8+ Rxf8 32. Rxf8+ Kxf8
33. Bxb6 Bb1 34. a4 Bc2 35. a5 1-0

[Event "9th Sunway Sitges 2022"]
[Site "Sitges ESP"]
[Date "2022.12.15"]
[Round "4.52"]
[White "Sattarov, Bobir"]
[Black "Sai Agni Jeevitesh, J"]
[Result "1-0"]
[WhiteTitle "IM"]
[BlackTitle "IM"]
[WhiteElo "2389"]
[BlackElo "2226"]
[WhiteFideId "14203081"]
[BlackFideId "5070147"]
[EventDate "2022.12.12"]

1. e4 e5 2. Nf3 Nc6 3. Nc3 Nf6 4. a3 a5 5. Be2 d5 6. Bb5 d4 7. Ne2 Bd6 8. d3 O-O
9. Bxc6 bxc6 10. a4 Bg4 11. Nd2 Nh5 12. O-O Nf4 13. f3 Nxe2+ 14. Qxe2 Be6 15.
Rf2 Rb8 16. b3 Bb4 17. Ba3 Bxa3 18. Rxa3 Qd6 19. Ra1 Qb4 20. Raf1 Qc3 21. Nb1
Qb2 22. Qe1 Ra8 23. Qd1 Rfb8 24. f4 exf4 25. Rxf4 g6 26. R4f2 c5 27. Nd2 Qc3 28.
Qc1 c4 29. bxc4 Rb2 30. Nf3 f6 31. Qf4 Rf8 32. Qxc7 Bg4 33. Ne5 1-0

[Event "9th Sunway Sitges 2022"]
[Site "Sitges ESP"]
[Date "2022.12.15"]
[Round "4.53"]
[White "Rajarishi, Karthi"]
[Black "Carbonell Sancho, Marc"]
[Result "0-1"]
[WhiteTitle "CM"]
[BlackTitle "FM"]
[WhiteElo "2239"]
[BlackElo "2384"]
[WhiteFideId "5092523"]
[BlackFideId "32029969"]
[EventDate "2022.12.12"]

1. d4 Nf6 2. c4 g6 3. Nc3 Bg7 4. e4 d6 5. f3 O-O 6. Be3 Nc6 7. Qd2 a6 8. g4 e5
9. d5 Nd4 10. O-O-O b5 11. cxb5 Nd7 12. Kb1 Nc5 13. h4 axb5 14. Nxb5 Qd7 15.
Nxd4 exd4 16. Bxd4 Qa4 17. Bxg7 Qxa2+ 18. Kc2 Qb3+ 19. Kb1 Bd7 20. Bxf8 Qa2+ 21.
Kc2 Ba4+ 22. Kc3 Qb3+ 23. Kd4 Ne6+ 0-1

[Event "9th Sunway Sitges 2022"]
[Site "Sitges ESP"]
[Date "2022.12.15"]
[Round "4.54"]
[White "Dahale, Atul"]
[Black "Rendle, Thomas E"]
[Result "0-1"]
[WhiteTitle "CM"]
[BlackTitle "IM"]
[WhiteElo "2222"]
[BlackElo "2381"]
[WhiteFideId "5037794"]
[BlackFideId "408760"]
[EventDate "2022.12.12"]

1. e4 e6 2. d4 d5 3. exd5 exd5 4. c4 Nf6 5. Nc3 Bb4 6. Nf3 O-O 7. h3 Nbd7 8. a3
Bxc3+ 9. bxc3 c5 10. Be2 dxc4 11. O-O cxd4 12. Nxd4 Qa5 13. Rb1 Ne4 14. Rb5 Qxc3
15. Bb2 Qd2 16. Qxd2 Nxd2 17. Nf5 Nxf1 18. Bxg7 Re8 19. Bxf1 a6 20. Ra5 b5 21.
a4 Nc5 22. Nd6 Rd8 0-1